000 00758nam a2200181Ia 4500
003 GCL
008 140319s9999 xx 000 0 ara d
040 _aGCL /
_cGCL
082 0 4 _a001.6404
_bر م
100 1 _aراتب احمد قبيعة
245 1 0 _aموسوعة عالم الكمبيوتر الجزء الاول الثقافة الكمبيوترية من خلال التجربة مايجب ان تعرفة مثل شراء الجهاز المناسب لاعمالك /
_cراتب احمد قبيعة
260 _a[S.N] :
_bدار الراتب الجامعية ،
_c1985
300 _a122 ص
490 _a
650 0 4 _aالحاسبات الالكترونية
650 0 4 _aالحاسبات الالكترونية الشخصية
942 _2ddc
_cBK
999 _c39328
_d39328